000 00789nam a22001937a 4500
003 OSt
005 20210217095758.0
008 210217s2010 ||||| |||| 00| 0 geo d
020 _a9789941027222
040 _ageo
_beng
_cDLC
041 _ageo
080 _a821.353.1
_bუ-15
245 _aუახლესი ქართული პროზის ანთოლოგია / The Anthology of Modern Georgian Proze / Volume 2
_c/ by: ეროვნული მწერლობა / National Writers
260 _aთბილისი / Tbilisi
_bეროვნული მწერლობა / National Writers
_c2010
300 _a720 p.
_bill.
650 0 _9942
_aGeorgian Literature
653 _aქართული ლიტერატურა
942 _2udc
_cBK
999 _c1502
_d1502